00302nam a2200121Ia 4500008004100000041000800041082001600049100001600065245003000081260003800111300002400149365000700173240624s9999 xx 000 0 und d aeng a658.155 BHA aBHASKARAN R aFINANCIAL RISK MANAGEMENT c2003aHyderabadbICFAI University a166 : p. : cm. ; 25 cRS